000 00446nam a22001817a 4500
003 CEME
005 20210628203800.0
008 210419b xxu||||| |||| 00| 0 eng d
020 _a0-471-54609-7
040 _c.
082 _a621.39732 SEM'S
100 _aSze, S.M
_966664
245 _aSemiconductor sensors
260 _aNEWYORK
_bJOHN-WILEY
_c1994
300 _aXII,550P
650 _aSEMICONDUCTORS DECTECTORS
_967285
942 _cBK
_2ddc
999 _c575101
_d575101